000 00466nam a2200181Ia 4500
001 24359
005 20260414151037.0
008 260414t2016||||xx |||||||||||||| ||spa||
041 _aESP
082 _a345.52
_bE386
100 _aEto Cruz, Gerardo
_eAUT
245 0 _aLos derechos que tutela el amparo :
_bun enfoque teórico y aplicativo
260 _c2016
300 _a175 páginas :
_c23 cm.
650 _aDER
654 _aCDE
942 _cLIB
_dJUS
_fJUS
_2ddc
_n
999 _c24359
_d24359